书目信息 |
| 题名: |
国外保护青少年法规与资料选编
|
|
| 作者: | ;北京大学法律系国外法学研究室 编 | |
| 分册: | ||
| 出版信息: | 北京 群众出版社 1981 |
|
| 页数: | 403页 | |
| 开本: | 20cm | |
| 丛书名: | ||
| 单 册: | ||
| 中图分类: | D912.709 , D910 | |
| 科图分类: | ||
| 主题词: | 青少年保护-法规--外国--汇编 , 法规-青少年保护--外国--汇编 , 法学--部门 | |
| 电子资源: | ||
| ISBN: | ||
| 000 | 00819nam0 2200265 45 | |
| 001 | 0181010438 | |
| 005 | 20060819105636.17 | |
| 010 | @dCNY1.05 | |
| 091 | @a6067.4 | |
| 100 | @a19960215d1981 em y0chiy0121 ea | |
| 101 | 0 | @achi |
| 102 | @aCN@b110000 | |
| 105 | @ay z 000yy | |
| 106 | @ar | |
| 200 | 10 | @a国外保护青少年法规与资料选编@Aguo wai bao hu qing shao nian fa gui yu zi liao xuan bian@f北京大学法律系国外法学研究室编 |
| 210 | @a北京@c群众出版社@d1981 | |
| 215 | @a403页@d20cm | |
| 606 | @a青少年保护-法规@y外国@x汇编 | |
| 606 | @a法规-青少年保护@y外国@x汇编 | |
| 606 | 0 | @a法学@x部门 |
| 690 | @aD912.709@v3 | |
| 690 | @aD910@v3 | |
| 711 | 02 | @a北京大学法律系国外法学研究室@Abei jing da xue fa lv xi guo wai fa xue yan jiu shi@4编 |
| 801 | 0 | @aCN@bNLC@c20060819 |
| 905 | @f2@b43908-909@dD910@e15 | |
| 国外保护青少年法规与资料选编/北京大学法律系国外法学研究室编.-北京:群众出版社,1981 |
| 403页;20cm |
| ISBN :CNY1.05 |
| ● |
| 相关链接 |
|
|
|
|
正题名:国外保护青少年法规与资料选编
索取号:D910/15
 
预约/预借
| 序号 | 登录号 | 条形码 | 馆藏地/架位号 | 状态 | 备注 |
| 1 | 0043908 | 001027374 | 第一样本阅览室/ [索取号:D910/15] | 在馆 | |
| 2 | 0043909 | 001027383 | 第一借阅区/ [索取号:D910/15] | 在馆 |